[Event "Barcelona Ideal Clave op 21st"]
[Site "Barcelona"]
[Date "2017.10.21"]
[Round "3"]
[White "Garcia Punzano, Josep Lluis"]
[Black "Lema Navalon, Eric"]
[Result "1/2-1/2"]
[WhiteElo "1689"]
[BlackElo "1555"]
[PlyCount "126"]
[EventDate "2017.09.30"]
[EventType "swiss"]
[EventRounds "8"]
[EventCountry "ESP"]
[SourceTitle "CBM 181 Extra"]
[Source "ChessBase"]
[SourceDate "2017.12.12"]
[SourceVersion "1"]
[SourceVersionDate "2017.12.12"]
[SourceQuality "1"]

1. c4 c6 2. d4 d5 3. cxd5 cxd5 4. Nc3 Nf6 5. Nf3 Nc6 6. Bf4 e6 7. e3 a6 8. Bd3 Bd6 9. Ne5 0-0 10. 0-0 Qc7 11. Nxc6 bxc6 12. Bxd6 Qxd6 13. f4 c5 14. Bc2 cxd4 15. Qxd4 Re8 16. Bb3 Bb7 17. Rad1 Rac8 18. e4 Qc5 19. exd5 Bxd5 20. Bxd5 Nxd5 21. Nxd5 exd5 22. Qxc5 Rxc5 23. Rd2 f6 24. Rfd1 Rd8 25. Rd4 a5 26. a3 f5 27. b4 axb4 28. axb4 Rb5 29. Kf2 Kf7 30. Rc1 Ke7 31. Re1+ Kf7 32. Re5 g6 33. Ke3 Re8 34. Rxe8 Kxe8 35. Kd3 Kd7 36. Kc3 Kc6 37. Rd1 Rb7 38. Ra1 Rc7 39. Ra5 Kd6+ 40. Kd3 Rb7 41. Ra6+ Ke7 42. g3 Rxb4 43. Ra7+ Kf6 44. Rxh7 g5 45. Rh6+ Kg7 46. fxg5 Rg4 47. Rd6 Rxg5 48. Rxd5 Kf6 49. Rd8 Rg4 50. Ke3 Re4+ 51. Kf3 Kg5 52. h4+ Kf6 53. Rf8+ Kg6 54. h5+ Kg5 55. h6 Kxh6 56. Rxf5 Re6 57. Kf4 Kg7 58. g4 Ra6 59. Kg5 Rg6+ 60. Kf4 Ra6 61. Rb5 Rf6+ 62. Kg3 Ra6 63. g5 Kg6 1/2-1/2